Fedepalma y Cenipalma se preparan para atender los retos del sector palmicultor. Editorial. (Registro nro. 26548)

Detalles MARC
000 -ENCABEZADO
Número de control [NR] 01011nam a22002897i 4500
001 - NÚMERO DE CONTROL
control field B-12085
003 - IDENTIFICADOR DE CONTROL NÚMERO
control field CO-BoFNCP
007 - CAMPO DESCRIPCIÓN FÍSICA FIJA - INFORMACIÓN GENERAL
fixed length control field t||
008 - DE LONGITUD FIJA DE DATOS DE ELEMENTOS - INFORMACIÓN GENERAL
Elementos de longitud fija [NR] 090804s2009 ck r spa d
040 ## - FUENTE DE CATALOGACION [NR]
Agencia de catalogación original [NR] CO-BoFNCP
Idioma de catalogación [NR] Español
Quien Cataloga CO-BoFNCP
Convenciones de la descripción [NR] rda
041 ## - CODIGO DE IDIOMA [R]
Código de idioma para texto/pista de sonido o título separado [R] Español
043 ## - CODIGO DE AREA GEOGRAFICA [NR]
Código de área geográfica [R] ck
084 ## - OTRO NUMERO DE CLASIFICACION [R]
Número clasificador [R] A-
110 1# - ASIENTO PRINCIPAL--NOMBRE CORPORATIVO [NR]
Nombre corporativo o de jurisdicción como elemento de entrada [NR] Federación Nacional de Cultivadores de Palma de Aceite, Fedepalma [Colombia]
ID de autoridad 36940.
245 10 - MENCION DE TITULO [NR]
Título [NR] Fedepalma y Cenipalma se preparan para atender los retos del sector palmicultor. Editorial.
246 2# - FORMA VARIANTE DEL TITULO [R]
Título propiamente dicho/forma breve del título [NR] Fedepalma and Cenipalma prepare to respond to the challenges facing the oil palm sector. Editorial
264 #4 - PRODUCCIÓN, PUBLICACIÓN, DISTRIBUCIÓN, FABRICACIÓN Y COPYRIGHT
Fecha de producción, publicación, distribución, fabricación o copyright ©2009
300 ## - DESCRIPCION FISICA [R]
Extensión [R] páginas 5-6.
336 ## - TIPO DE CONTENIDO
Término de tipo de contenido texto
Código de tipo de contenido txt
Fuente rdacontent
337 ## - TIPO DE MEDIO
Nombre/término del tipo de medio sin mediación
Código del tipo de medio n
Fuente rdamedia
338 ## - TIPO DE SOPORTE
Nombre/término del tipo de soporte volumen
Código del tipo de soporte nc
Fuente rdacarrier
500 ## - NOTA GENERAL [R]
Nota general [NR] Editorial en español e inglés. Versión en inglés p. 7-8.
650 #0 - ASIENTO SECUNDARIO DE MATERIA - TERMINO TEMATICO [R]
Término temático o nombre geográfico como elemento de entrada [NR] Editorial
9 (RLIN) 31939.
773 0# - ASIENTO DEL ITEM FUENTE [R]
Asiento principal [NR] Palmas (Colombia)
Información sobre la relación [R] v. 30, no. 1 (2009), p.5-6
Número de control del registro [R] A-
Número Internacional Normalizado para Publicaciones Seriadas - ISSN [NR] 0121-2923
942 ## - ELEMENTOS DE ENTRADA AGREGADOS (KOHA)
Sistema de clasificación Local
Tipo de ítem principal el descrito en 300a Artículo
999 ## - NÚMEROS DE SISTEMAS DE CONTROL (KOHA)
Koha biblionumber 26548
Existencias
Estado de retiro (OPAC) Perdido Sistema de clasificación Dañado No prestable Ubicación habitual Ubicación actual Fecha de creación Total préstamos Signatura topográfica Código de barras Última vez visto Ejemplar Price effective from Tipo de ítem
    Local     1 - CID Palmero Bogotá 1 - CID Palmero Bogotá 10/21/2013   A- R-12085 10/21/2013 Ej. 1 10/21/2013 Artículo